000 00500nam a2200193Ia 4500
005 20230322112706.0
008 131103s9999 xx 000 0 und d
020 _cRs.6
040 _aLoreto College
041 _aEnglish
082 _a891.441
_bMUK
100 _aMukhopadhyay, Tarapada
245 _aAdhunik Bangla Kavya
_cTarapada Mukhopadhyay
260 _aCalcutta
_bMitra and Ghosh
300 _aV.1
650 _aBengali poetry - History and criticism
850 _aLCLIB
942 _cBK
999 _c21122
_d71601